[Event "Palaro ng Pawis at Dugo"]
[Site "SchemingMind.com"]
[Date "2007.09.08"]
[Round "-"]
[White "Rixx"]
[Black "cjorge"]
[Result "1-0"]
[WhiteCountry "PHI"]
[BlackCountry "PHI"]
[WhiteElo "1881"]
[WhiteRD "109"]
[BlackElo "1438"]
[BlackRD "160"]
[GameID "119072"]

1. c4 e6 2. Nc3 c6 3. d4 h6 4. Nf3 d5 5. e3 Nf6 6. Bd3 Na6 7. O-O h5 8. cxd5 cxd5 9. a3 h4 10. e4 h3
11. g3 Nc7 12. Bg5 dxe4 13. Nxe4 Ncd5 14. Ne5 Be7 15. Bxf6 gxf6 16. Bb5+ Kf8 17. Nf3 a6 18. Bd3 Bd7 19. Qd2 Bc6 20. Rac1 f5
21. Nc3 Nxc3 22. Ne5 Qxd4 23. Nxc6 bxc6 24. Qxc3 Qxc3 25. Rxc3 c5 26. Rd1 Kg7 27. Bf1 Kf6 28. Rd7
1-0